| 000 | 01261nam a22003857a 4500 | ||
|---|---|---|---|
| 001 | 7230 | ||
| 003 | FISKH | ||
| 005 | 20250703102035.0 | ||
| 008 | 250703b cb ||||| |||| 00| 0 eng d | ||
| 020 |
_a9780439873819 _qpbk. |
||
| 020 |
_a0439873819 _qpbk. |
||
| 040 |
_aIKG _cIKG _dBAKER _dBTCTA _dJN8 _dDLC |
||
| 042 | _alccopycat | ||
| 050 | _aPZ7.F73576 C | ||
| 082 | _a471 | ||
| 100 | 1 | _aFontes, Justine. | |
| 245 | 1 | 0 |
_aClean up, grumpy bunny! / _cby Justine Korman Fontes ; illustrated by Lucinda McQueen. |
| 250 | _aThis edition first printing, February 2007. | ||
| 260 |
_aNew York : _bScholastic, _c2006 |
||
| 300 |
_a32 unnumbered pages : _bcolor illustrations ; _c23 cm |
||
| 338 |
_avolume _bnc _2rdacarrier |
||
| 490 | 0 |
_aGrumpy bunny reader : _vLevel 1 |
|
| 500 | _a"Cartwheel books." | ||
| 505 | _aJ | ||
| 520 | _aHopper learns that picking up his toys can be fun. | ||
| 521 | 8 |
_a490
_bLexile |
|
| 521 | 8 |
_aJ
_bRaz-Plus |
|
| 650 | 1 |
_aRabbits _vFiction. |
|
| 650 | 1 |
_aOrderliness _vFiction. |
|
| 655 | 7 |
_aFiction. _2lcgft _0https://id.loc.gov/authorities/genreForms/gf2014026339 |
|
| 700 | 1 |
_aMcQueen, Lucinda. _eillustrator |
|
| 906 |
_a7 _bcbc _ccopycat _d3 _encip _f20 _gy-gencatlg |
||
| 942 |
_2ddc _cBK _n0 |
||
| 999 |
_c7230 _d7230 |
||